Active training : a handbook of techniques, design, case examples, and tips

Bibliographic Details
Main Author: Silberman, Mel (Author)
Format: Book
Language:English
Published: New York : Lexington Books 1990
Subjects:

MARC

LEADER 00000cam a2200000 7i4500
001 0000003631
005 20240927.0
008 991206 nyu eng
020 |a 0669242624 
040 |a INS   |b eng   |e rda 
090 0 0 |a HF5549.5.T7   |b S555 1990 
100 1 |a Silberman, Mel ,   |e author 
245 1 0 |a Active training :   |b a handbook of techniques, design, case examples, and tips   |c Mel Silberman 
264 1 |a New York :   |b Lexington Books   |c 1990 
300 |a xvii, 283 pages :   |b illustrations ;   |c 24 cm. 
336 |a text  |2 rdacontent 
337 |a unmediated  |2 rdamedia 
338 |a volume  |2 rdacarrier 
504 |a Includes bibliographical references and index 
650 0 |a Employees   |x Training of   |x Handbooks   |x manual, etc. 
650 0 |a Training 
999 |a 0000005571   |b BOOK   |c Open Shelf   |e Default branch